Classified examples in electrical engineering. (Record no. 545368)

000 -LEADER
fixed length control field 00423nam a22001457a 4500
082 ## - DEWEY DECIMAL CLASSIFICATION NUMBER
Classification number 621.3
Author Mark MON
-- L-9, P-4
100 ## - MAIN ENTRY--PERSONAL NAME
Personal name Monk, S. Gordon
9 (RLIN) 41197
245 ## - TITLE STATEMENT
Title Classified examples in electrical engineering.
250 ## - EDITION STATEMENT
Edition statement 6th ed.
260 ## - PUBLICATION, DISTRIBUTION, ETC.
Place of publication, distribution, etc. London
Name of publisher, distributor, etc. Sir Issac Pitman & Sons, Ltd.
Date of publication, distribution, etc. 1949
300 ## - PHYSICAL DESCRIPTION
Extent viii, 205 p. :
Other physical details ill. :
Dimensions 4 Cm
526 ## - STUDY PROGRAM INFORMATION NOTE
Program name 0
Interest level 0
Reading level 0
Title point value 621_300000000000000_MON
650 ## - SUBJECT ADDED ENTRY--TOPICAL TERM
Topical term or geographic name entry element MCE
9 (RLIN) 379
942 ## - ADDED ENTRY ELEMENTS (KOHA)
Source of classification or shelving scheme
Koha item type Book
Holdings
Withdrawn status Lost status Source of classification or shelving scheme Damaged status Not for loan Permanent Location Current Location Date acquired Total Checkouts Full call number Barcode Date last seen Price effective from Koha item type
          Military College of Engineering (MCE) Military College of Engineering (MCE) 05/21/2014   621.3 MON MCE-5613 05/21/2014 05/21/2014 Book
© 2023 Central Library, National University of Sciences and Technology. All Rights Reserved.